Apuntes en torno a la amnistía fiscal y el deber de informar. Resolución general 4816, artículo 59 (Registro nro. 20546)

Detalles MARC
000 -LEADER
fixed length control field 00424 a2200121 4500
001 - CONTROL NUMBER
control field ART_57430
005 - DATE AND TIME OF LATEST TRANSACTION
control field 20260410161800.0
008 - FIXED-LENGTH DATA ELEMENTS--GENERAL INFORMATION
fixed length control field 260409a
100 1# - MAIN ENTRY--PERSONAL NAME
Personal name Iglesias Araujo, Fabiana
245 10 - TITLE STATEMENT
Title Apuntes en torno a la amnistía fiscal y el deber de informar. Resolución general 4816, artículo 59
700 1# - ADDED ENTRY--PERSONAL NAME
Personal name Coronello, Silvina E.
773 0# - HOST ITEM ENTRY
Title Doctrina tributaria
Related parts - N° 513 (dic. 2022)
Record control number REV4296

No hay ítems disponibles.